| 000 | 00994nam a2200265 i 4500 | ||
|---|---|---|---|
| 001 | bg | ||
| 003 | BPK | ||
| 005 | 20211105142846.0 | ||
| 008 | 980713s1996 pl a |000 0 pol | ||
| 015 | _aPB 3799/97 | ||
| 020 | _a839008533X | ||
| 040 |
_aWA N _cBPK |
||
| 080 | _a62-1/-8(03) | ||
| 100 | 1 |
_aŻółtowski, Bogdan _d(1947- ) _eAutor |
|
| 245 | 1 | 0 |
_aLeksykon diagnostyki technicznej / _cBogdan Żółtowski, Zenon Ćwik. |
| 260 |
_aBydgoszcz : _bWydawnictwo Uczelniane Akademii Techniczno-Rolniczej, _c1996. |
||
| 300 |
_a486 s. : _brys., wykr. ; _c24 cm. |
||
| 504 | _aBibliogr. s. 482-486. | ||
| 655 | 4 | _aEncyklopedia | |
| 650 | 4 | _aDiagnostyka techniczna | |
| 710 | 2 |
_aAkademia Techniczno-Rolnicza im. Jana i Jędrzeja Śniadeckich (Bydgoszcz). _bWydawnictwa Uczelniane. _4pbl. |
|
| 700 | 1 |
_aĆwik, Zenon _d(1936- ) _eAutor |
|
| 942 |
_2udc _cKS |
||
| 856 |
_uhttp://koha.tu.koszalin.pl/cgi-bin/koha/opac-detail.pl?biblionumber=31103 _yKatalog online BPK |
||
| 999 |
_c31103 _d31103 |
||